[Event "USA-chT Amateur East"]
[Site "Parsipanny"]
[Date "2009.02.16"]
[Round "6"]
[White "Radomskyj, Peter"]
[Black "Santana, Joan"]
[Result "0-1"]
[WhiteElo "2199"]
[BlackElo "2171"]
[PlyCount "82"]
[EventDate "2009.02.14"]
[EventType "team-tourn"]
[EventRounds "6"]
[EventCountry "USA"]
[SourceTitle "CBM 129 Extra"]
[Source "ChessBase"]
[SourceDate "2009.05.05"]
[SourceVersion "2"]
[SourceVersionDate "2009.05.20"]
[SourceQuality "1"]

1. d4 Nf6 2. c4 g6 3. Nc3 Bg7 4. e4 d6 5. Nf3 0-0 6. Be2 e5 7. Be3 exd4 8. Nxd4 Re8 9. f3 Nc6 10. Qd2 Nh5 11. Nd5 f5 12. Nb5 fxe4 13. 0-0-0 exf3 14. gxf3 Bf5 15. Nbxc7 Nb4 16. Qxb4 Rxe3 17. Nxe3 Bh6 18. Ncd5 Nf4 19. Nxf5 Nd3+ 20. Kb1 Nxb4 21. Nxh6+ Kg7 22. Nxb4 Kxh6 23. Nd5 Qh4 24. Bd3 Re8 25. f4 a5 26. b3 a4 27. bxa4 Kg7 28. Rhg1 Kf7 29. Rdf1 Qh3 30. Bc2 Re2 31. Re1 Qxh2 32. Rxe2 Qxe2 33. Bb3 Kf8 34. Kc1 b6 35. Rd1 h5 36. Rg1 Qe4 37. Rg5 h4 38. Bc2 Qxc4 39. Kb2 h3 40. Bxg6 h2 41. Rh5 Qe2+ 0-1

[Event "Marshall CC Winter"]
[Site "New York"]
[Date "1998.12.13"]
[Round "2"]
[White "Waitzkin, Joshua"]
[Black "Santana, Joan"]
[Result "1-0"]
[WhiteElo "2480"]
[BlackElo "2175"]
[PlyCount "81"]
[EventDate "1998.12.??"]
[EventType "tourn"]
[EventRounds "9"]
[EventCountry "USA"]
[EventCategory "7"]
[SourceTitle "EXT 2000"]
[Source "ChessBase"]
[SourceDate "1999.11.16"]
[SourceVersion "1"]
[SourceVersionDate "1999.11.16"]
[SourceQuality "1"]

1. e4 c6 2. c4 d5 3. cxd5 cxd5 4. exd5 Nf6 5. Bb5+ Bd7 6. Bc4 g6 7. Qb3 Qb6 8. Qxb6 axb6 9. Nc3 Na6 10. a3 Nb4 11. Rb1 Nc2+ 12. Kd1 Nd4 13. d3 b5 14. Ba2 Bg7 15. Be3 Ng4 16. Kd2 Nf5 17. Nge2 0-0 18. Bb3 Kh8 19. h3 Ngxe3 20. fxe3 Bh6 21. Nd1 Rfc8 22. Rf1 Kg7 23. g4 Nh4 24. Nd4 f5 25. Rg1 fxg4 26. hxg4 Bg5 27. Nc3 Bf6 28. Nce2 Rf8 29. Rbf1 Bxd4 30. Nxd4 Rxf1 31. Rxf1 Bxg4 32. d6 exd6 33. Rf7+ Kh6 34. Rxb7 Rf8 35. Nxb5 Nf3+ 36. Kc3 Rc8+ 37. Rc7 Rxc7+ 38. Nxc7 Kg5 39. a4 h5 40. a5 Bc8 41. Be6 1-0